Normal view
MARC view
Entry Personal Name
001 - CONTROL NUMBER
- control field: 21663
003 - CONTROL NUMBER IDENTIFIER
- control field: dpl
005 - DATE AND TIME OF LATEST TRANSACTION
- control field: 20100925151129.0
008 - FIXED-LENGTH DATA ELEMENTS
- fixed length control field: 100925|||a|||||| | ||| d
040 ## - CATALOGING SOURCE
- Original cataloging agency: dpl
- Transcribing agency: dpl
100 ## - HEADING--PERSONAL NAME
- Personal name: Agarwal, Pawan
670 ## - SOURCE DATA FOUND
- Source citation: Work cat.: (dpl)36590: Agarwal, Pawan, Indian higher education :, 2009
670 ## - SOURCE DATA FOUND
- Source citation: Work cat.: (dpl)36590: Agarwal, Pawan, Indian higher education :, 2009
